| 000 | 00674nam a22002177a 4500 | ||
|---|---|---|---|
| 999 |
_c17448 _d17448 |
||
| 003 | AR-CdUCM | ||
| 008 | 190508b ||||| |||| 00| 0 spa d | ||
| 040 |
_aMUNICIPALIDAD PROVINCIAL DEL CUSCO _cBIBLIOTECA MUNICIPAL DEL CUSCO |
||
| 082 |
_a869.914 / _bAS83 |
||
| 100 |
_aAsturias, Miguel Ángel _92136 |
||
| 245 | _aEl señor presidente / | ||
| 260 |
_aLima : _bPopulibros Peruanos. |
||
| 300 |
_a302 páginas ; _c18 cm. |
||
| 440 |
_aPopulibros Peruanos. _n1 _937475 |
||
| 505 | _aContenido: Novela. | ||
| 650 |
_aNovelas guatemaltecas _94752 |
||
| 650 |
_aLiteratura Guatemalteca _95050 |
||
| 650 |
_aSiglo XX _98 |
||
| 942 |
_2ddc _cLIBROS |
||
| 945 |
_aachl _d2019-05-08 |
||